Scents of Arabia: Interdisciplinary Approaches to Ancient Olfactory Worlds
محفوظ في:
مؤلفون آخرون: ,
التنسيق: كتاب
منشور في:
Oxford
Archaeopress Publishing Ltd
2025
الوسوم: إضافة وسم
لا توجد وسوم, كن أول من يضع وسما على هذه التسجيلة!
رقم الطلب:
| LEADER | 00715namaa2200181 4500 | ||
|---|---|---|---|
| 001 | 9781805830740 | ||
| 003 | UkOxAP | ||
| 005 | 20260405155019.0 | ||
| 020 | |a 9781805830757 | ||
| 776 | 1 | |x 9781805830740 | |
| 245 | 0 | 0 | |a Scents of Arabia: Interdisciplinary Approaches to Ancient Olfactory Worlds |
| 100 | 1 | |a Hausleiter, Arnulf |e Editor |l English | |
| 700 | 1 | |a Huber, Barbara |e Editor |l English | |
| 856 | 4 | 2 | |a http://library.arce.org:8087/Archaeopress/Products/9781805830757 |
| 260 | |a Oxford |b Archaeopress Publishing Ltd |c 2025 | ||
| 270 | |a Archaeopress Publishing Ltd, Summertown Pavillion, 18 -24 Middle Way, Summertown |b Oxford |d United Kingdom |e OX2 7LG |k 44-1865-311914 |m info@archaeopress.com | ||
| 942 | |2 lcc |c EBOOK | ||
| 999 | |c 62143 |d 62143 | ||
